[Event "TCh-SWE Elitserien 2010-11"]
[Site "Sweden SWE"]
[Date "2010.10.10"]
[Round "3"]
[White "Sagit,R"]
[Black "Akesson,J"]
[Result "0-1"]
[WhiteElo "2404"]
[BlackElo "2301"]

1.e4 e6 2.d4 d5 3.Nc3 Bb4 4.e5 Ne7 5.a3 Bxc3+ 6.bxc3 c5 7.Qg4 O-O 8.Nf3 Nbc6
9.Bd3 f5 10.exf6 Rxf6 11.Bg5 e5 12.Qh4 e4 13.Bxf6 gxf6 14.Qxf6 exd3 15.cxd3 cxd4
16.Nxd4 Nxd4 17.Qxd4 Nc6 18.Qe3 d4 19.Qg3+ Kh8 20.O-O Bf5 21.cxd4 Qxd4 22.Qg5 Be6
23.Qe3 Bd5 24.Qxd4+ Nxd4 25.a4 Rg8 26.f3 Nxf3+ 27.Kf2 Nxh2 28.Rg1 Ng4+ 29.Ke2 Ne5
30.d4 Nc6 31.Ke3 Re8+ 32.Kf2 Nxd4 33.Rad1 Rf8+ 34.Ke3 Nc2+ 35.Kd2 Nb4 36.a5 Bc6
37.Rb1 Rd8+ 38.Kc3 Nd5+ 39.Kd4 Nf4+ 40.Ke5 Nd3+ 41.Kf6 Nc5 42.Rb4 Ne4+ 43.Kf7 Rd7+
44.Ke6 Rg7 45.Rd4 Rg6+ 46.Ke7 Nf6 47.Kf8 Nd5 48.Rf1 Rg7 49.Re4 Nc7 50.Re5 Bd5
51.g4 Ne6+ 52.Ke8 Bc6+  0-1

[Event "WY Boys-U14"]
[Site "Porto Carras GRE"]
[Date "2010.10.22"]
[Round "3.4"]
[White "Cuellar,Di"]
[Black "Santos Latasa,J"]
[Result "1/2-1/2"]
[WhiteElo "2133"]
[BlackElo "2263"]

1.e4 e6 2.d4 d5 3.Nc3 Bb4 4.e5 Ne7 5.a3 Bxc3+ 6.bxc3 b6 7.Qg4 Ng6 8.h4 h5
9.Qg3 Ba6 10.Ne2 Qd7 11.a4 Nc6 12.Nf4 Bxf1 13.Nxg6 Bxg2 14.Rg1 fxg6 15.Qxg6+ Qf7
16.Qxf7+ Kxf7 17.Rxg2 Ne7 18.Be3 Nf5 19.Rh2 a5 20.Kd2 c6 21.Rhh1 Rhb8 22.Bg5 c5
23.dxc5 bxc5 24.Rhb1 Ke8 25.f3 Kd7 26.Kd3 Kc6 27.Ke2 c4 28.Kd2 d4 29.cxd4 Nxd4
30.Kc3 Nxf3 31.Rd1 Nxg5 32.Rd6+ Kc5 33.hxg5 Rd8 34.Rxe6 Re8 35.Rg6 Rxe5 36.Rb1 Re3+
37.Kd2 Rg3 38.Rb5+ Kd4 39.Rxg7 Rg2+ 40.Kc1 Kc3 41.Kb1 Re8 42.Rb2 Re1+ 43.Ka2 Rxc2
44.Rxc2+ Kxc2 45.Rh7 Kc3 46.Rxh5 Kb4 47.g6 Re2+ 48.Kb1 Rg2 49.Rb5+ Kxa4 50.Rb6 Ka3
51.Kc1 Ka2 52.Kd1 a4 53.Kc1 a3 54.Kd1 Rb2 55.g7 Rg2 56.Rb7 c3 57.Kc1 c2 58.Rc7 Kb3
59.Rb7+ Kc3 60.Rc7+ Kd3 61.Rd7+ Ke4 62.Re7+ Kd5 63.Ra7 Kc4 64.Rxa3 Rxg7 65.Kxc2 Kd5  1/2-1/2

[Event "Uxbridge Premier"]
[Site "Denham ENG"]
[Date "2010.10.27"]
[Round "6"]
[White "Whitfield,C"]
[Black "Clark,Robert"]
[Result "1/2-1/2"]
[WhiteElo "1987"]
[BlackElo "2027"]

1.e4 e6 2.d4 d5 3.Nc3 Bb4 4.e5 Ne7 5.Bd2 b6 6.Qg4 Ng6 7.a3 Be7 8.h4 h5 9.Qh3 Ba6
10.Nge2 c5 11.f4 Nc6 12.Be3 cxd4 13.Nxd4 Nxd4 14.Bxd4 Bxf1 15.Rxf1 Nxh4 16.O-O-O Qd7
17.Bf2 Nf5 18.g4 Nh6 19.Qxh5 O-O-O 20.Qh3 Kb7 21.Qf3 Qc6 22.Ne2 Bc5 23.Nd4 Bxd4
24.Bxd4 Rc8 25.Bc3  1/2-1/2

[Event "Chigorin Mem Classic Open"]
[Site "St Petersburg RUS"]
[Date "2010.10.28"]
[Round "1"]
[White "Alavkin,A"]
[Black "Zamyshlyaev,A"]
[Result "0-1"]
[WhiteElo "2437"]
[BlackElo "2058"]

1.e4 e6 2.d4 d5 3.Nc3 Bb4 4.e5 Ne7 5.Qg4 c5 6.a3 Bxc3+ 7.bxc3 Qc7 8.Qxg7 Rg8
9.Qxh7 cxd4 10.Ne2 Nbc6 11.f4 Bd7 12.Bd2 dxc3 13.Nxc3 Nd4 14.Qd3 Nef5 15.g3 Rc8
16.Rb1 a6 17.Rb4 Bb5 18.Nxb5 Nxc2+ 19.Kd1 axb5 20.Rxb5 Nxa3 21.g4 Nxb5 22.Qxb5+ Kf8
23.Qb4+ Ne7 24.Rg1 Qc2+ 25.Ke1 Ra8 26.Rg3 Ra1+ 27.Kf2 Rd1 28.Ke2 Rb1 29.Qd6 Qd1+
30.Ke3 Qxf1  0-1

[Event "Chigorin Mem Classic Open"]
[Site "St Petersburg RUS"]
[Date "2010.10.31"]
[Round "4"]
[White "Androsov,S"]
[Black "Denisov,I"]
[Result "0-1"]
[WhiteElo "2088"]
[BlackElo "2267"]

1.e4 e6 2.d4 d5 3.Nc3 Bb4 4.e5 Qd7 5.a3 Bxc3+ 6.bxc3 b6 7.Be3 Ba6 8.Bd3 Bxd3
9.cxd3 Ne7 10.Nf3 Nbc6 11.O-O f5 12.Nd2 O-O 13.f4 Na5 14.a4 Nb7 15.Nb3 a5
16.Qe2 Rfb8 17.Rfb1 Nc8 18.Qf3 c6 19.Nd2 b5 20.Qd1 Ra6 21.Rb2 Rb6 22.Rab1 Qe8
23.c4 Nd8 24.axb5 cxb5 25.cxb5 Rxb5 26.Qa4 Na7 27.Rc1 Ndc6 28.Rxb5 Rxb5 29.Nb3 Qb8
30.Nc5 Kf7 31.Bd2 Rb1 32.Qd1 Rxc1 33.Bxc1 Nb4 34.Be3 Nac6 35.Qh5+ Kg8 36.h3 Qf8
37.Nb7 a4 38.Qd1 Qa8 39.Nc5 a3 40.Bd2 Nxd4 41.Qa1 a2  0-1

[Event "VII Open"]
[Site "Figueira da Foz POR"]
[Date "2010.11.04"]
[Round "6.18"]
[White "Durao,J"]
[Black "Bray,J"]
[Result "0-1"]
[WhiteElo "2009"]
[BlackElo "1896"]

1.e4 e6 2.d4 d5 3.Nc3 Bb4 4.e5 Ne7 5.a3 Bxc3+ 6.bxc3 b6 7.Qg4 Nf5 8.Bd3 h5
9.Qh3 Ne7 10.Qg3 Kf8 11.Nh3 Ba6 12.Bg5 Bxd3 13.cxd3 Qe8 14.a4 Nbc6 15.Nf4 a5
16.Qf3 Kg8 17.Nxh5 f6 18.Nxg7 Kxg7 19.exf6+ Kg6 20.fxe7 Kxg5 21.h4+ Kg6 22.h5+ Kg7  0-1

[Event "FSGM November"]
[Site "Budapest HUN"]
[Date "2010.11.06"]
[Round "1"]
[White "Feher,Ad"]
[Black "Hoang Thanh Trang"]
[Result "1/2-1/2"]
[WhiteElo "2348"]
[BlackElo "2473"]

1.e4 e6 2.d4 d5 3.Nc3 Bb4 4.e5 b6 5.a3 Bf8 6.Nf3 Ne7 7.h4 a5 8.h5 h6 9.Bd3 Ba6
10.Ne2 c5 11.Bxa6 Nxa6 12.O-O Qd7 13.c3 Nc7 14.Nf4 Nc6 15.Qd3 c4 16.Qe2 b5
17.Nh2 Be7 18.Nh3 O-O-O 19.Bd2 Rdg8 20.Kh1 g6 21.g4 a4 22.Rg1 Ne8 23.Nf4 Bg5
24.Nh3 Bd8 25.hxg6 fxg6 26.Nf4 Qf7 27.Rg3 Ng7 28.Rag1 h5 29.gxh5 Nxh5 30.Nxh5 Rxh5
31.Qxh5 gxh5 32.Rxg8 Qxf2 33.R1g2 Qf5 34.Be3 Ne7 35.R8g3 Qe4 36.Bf2 Nf5 37.Rh3 Bh4
38.Kg1 Bxf2+ 39.Rxf2 h4 40.Nf1 Kd7 41.Rhf3 Qg4+ 42.Kh2 Qg5 43.Rg2 Qc1 44.Rgf2 Kc6
45.Kg2 Qe1 46.Kh2 Qc1 47.Kg2 Qh6 48.Kh2 Qc1 49.Kg2 Qb1 50.Kh2 Kd7 51.Kg2 Qe4
52.Kh2 Qe1 53.Kg2 Ke7 54.Kh2 Kd7  1/2-1/2

[Event "Frauenbundesliga 1st Div 2010-11"]
[Site "Germany GER"]
[Date "2010.11.06"]
[Round "1.1"]
[White "Dworakowska,J"]
[Black "Kononenko,T"]
[Result "0-1"]
[WhiteElo "2334"]
[BlackElo "2381"]

1.e4 e6 2.d4 d5 3.Nc3 Bb4 4.e5 Ne7 5.a3 Bxc3+ 6.bxc3 c5 7.Qg4 O-O 8.Bd3 f5
9.exf6 Rxf6 10.Bg5 Rf7 11.Qh5 g6 12.Qd1 Nbc6 13.h4 Qa5 14.Bd2 c4 15.Be2 e5
16.dxe5 Nxe5 17.Nf3 Ng4 18.O-O Qc7 19.g3 h5 20.Bg5 Be6 21.Nd4 Bd7 22.Bf3 Qd6
23.Bg2 Raf8 24.Qe1 Nxf2 25.Bf4 Rxf4 26.gxf4 Nh3+ 27.Bxh3 Bxh3 28.Rf3 Bg4
29.Re3 Nc6 30.f5 Nxd4 31.cxd4 Bxf5 32.Rb1 Qf4 33.Rxb7 Qxd4 34.c3 Qc5 35.Qg3 Be4
36.Kh2 Qc6 37.Rxa7 Qf6 38.Re1 Qb6 39.Qe3 Rf2+ 40.Kg1 Rg2+ 41.Kh1 Re2+ 42.Qxe4 Rxe4
43.Ra8+ Kg7  0-1

[Event "TCh-NOR Attack-serien 2010-11"]
[Site "Oslo NOR"]
[Date "2010.11.07"]
[Round "3"]
[White "Sahl,Bj"]
[Black "Kockum,A"]
[Result "1-0"]
[WhiteElo "2359"]
[BlackElo "2322"]

1.e4 e6 2.d4 d5 3.Nc3 Bb4 4.e5 Qd7 5.Qg4 f5 6.Qh5+ g6 7.Qh3 b6 8.a3 Bxc3+
9.Qxc3 Ba6 10.Bxa6 Nxa6 11.a4 c5 12.a5 cxd4 13.Qxd4 b5 14.Nf3 Rc8 15.Qd1 h6
16.O-O Ne7 17.Nd4 Kf7 18.Re1 Nc5 19.a6 Rb8 20.Be3 Na4 21.b3 Nc3 22.Qd2 Qc7
23.f3 g5 24.h4 gxh4 25.Bf2 Rbg8 26.Bxh4 Rg6 27.Bf2 Rhg8 28.g3 h5 29.Kf1 b4
30.Qf4 Ke8 31.Kg2 Kd7 32.Rh1 R6g7 33.Rxh5 Ng6 34.Qh6 Qxe5 35.Re1 Ne4 36.fxe4 Nf4+
37.Kf1 Nxh5 38.exf5 Nxg3+ 39.Bxg3 Qxg3 40.Qxe6+ Kd8 41.Qxd5+ Kc8 42.Qa8+ Kc7
43.Qb7+ Kd8 44.Nc6+  1-0

[Event "TCh-SUI 2010"]
[Site "Switzerland SUI"]
[Date "2010.11.07"]
[Round "9.4"]
[White "Kaufmann,W"]
[Black "Sermier,G"]
[Result "0-1"]
[WhiteElo "2242"]
[BlackElo "2402"]

1.e4 e6 2.d4 d5 3.Nc3 Bb4 4.e5 Ne7 5.a3 Bxc3+ 6.bxc3 c5 7.Qg4 O-O 8.Bd3 Nbc6
9.Bg5 Qa5 10.Ne2 Ng6 11.f4 Nxd4  0-1

[Event "FSIM November"]
[Site "Budapest HUN"]
[Date "2010.11.16"]
[Round "11"]
[White "Oparin,G"]
[Black "Tran Tuan Minh"]
[Result "1/2-1/2"]
[WhiteElo "2306"]
[BlackElo "2256"]

1.e4 e6 2.d4 d5 3.Nc3 Bb4 4.e5 b6 5.a3 Bxc3+ 6.bxc3 Qd7 7.Qg4 f5 8.Qg3 Ba6
9.Bxa6 Nxa6 10.Ne2 O-O-O 11.h4 Kb7 12.h5 Nh6 13.Bxh6 gxh6 14.Qe3 Rhg8 15.g3 Rg5
16.Nf4 c5 17.O-O Rc8 18.Ra2 cxd4 19.cxd4 Rc4 20.Rb1 Qc6 21.Qd2 Nc7 22.Rb4 Kc8
23.Rab2 Kd7 24.a4 Rc3 25.R4b3 Rc4 26.Rb4 Rc3 27.R4b3 Rc4 28.Rb4  1/2-1/2

[Event "60th ch-RUS w"]
[Site "Moscow RUS"]
[Date "2010.11.17"]
[Round "2"]
[White "Bodnaruk,A"]
[Black "Matveeva,S"]
[Result "1-0"]
[WhiteElo "2407"]
[BlackElo "2389"]

1.e4 e6 2.d4 d5 3.Nc3 Bb4 4.e5 Ne7 5.a3 Bxc3+ 6.bxc3 c5 7.Qg4 O-O 8.Bd3 f5
9.exf6 Rxf6 10.Qh5 h6 11.Qd1 Nbc6 12.Nf3 Qc7 13.O-O c4 14.Be2 Bd7 15.g3 Raf8
16.Be3 Ng6 17.h4 Nge7 18.h5 Qa5 19.Ne5 Nxe5 20.dxe5 R6f7 21.Bd4 Nf5 22.Kg2 Ba4
23.Ra2 Qb5 24.f4 b6 25.Kh3 Kh8 26.Qd2 Qd7 27.Bf2 Ne7 28.Be3 Nc6 29.Bd4 Ne7
30.Raa1 Nf5 31.Ra2 Qc7 32.Rb2 Bd7 33.Rbb1 Ba4 34.Rb4 Bd7 35.Bd1 Ne7 36.Be2 Nc6
37.Rbb1 Ne7 38.Rb4 Nc6 39.Rbb1 Ne7 40.Rf2 Nf5 41.g4 Nxd4 42.cxd4 b5 43.c3 a5
44.Bd1 Rb8 45.Bc2 Qd8 46.Rbf1 b4 47.axb4 axb4 48.cxb4 Qe7 49.Rb1 Rff8 50.Rb2 Ra8
51.Rf3 Ra1 52.Bb1 Ba4 53.f5 Qg5 54.Qxg5 hxg5 55.Kg3 Kg8 56.b5 Rc8 57.b6 Bb3
58.fxe6 Ra6 59.b7 Rb8 60.e7  1-0

[Event "4th South Bohemia Open"]
[Site "Cesky Krumlov CZE"]
[Date "2010.11.22"]
[Round "2"]
[White "Semenova,Ir"]
[Black "Kellner,P"]
[Result "1-0"]
[WhiteElo "2243"]
[BlackElo "1967"]

1.e4 e6 2.d4 d5 3.Nc3 Bb4 4.e5 Ne7 5.a3 Bxc3+ 6.bxc3 c5 7.Nf3 b6 8.Bb5+ Bd7
9.a4 Bxb5 10.axb5 Qd7 11.Rb1 a6 12.bxa6 Qc6 13.Ba3 O-O 14.O-O Rxa6 15.Bb2 Nd7
16.Ne1 Qb5 17.Nd3 Rc8 18.Qd2 Ra2 19.Qg5 Ng6 20.f4 cxd4 21.f5 exf5 22.Qxf5 Rd8
23.Qxf7+ Kh8 24.e6 Nf6 25.Rxf6 Rf8  1-0

[Event "XXIII Belgrade Trophy"]
[Site "Obrenovac SRB"]
[Date "2010.11.25"]
[Round "2.2"]
[White "Sarenac,D"]
[Black "Stojanovic,Mih"]
[Result "0-1"]
[WhiteElo "2265"]
[BlackElo "2582"]

1.e4 e6 2.d4 d5 3.Nc3 Bb4 4.e5 b6 5.a3 Bf8 6.f4 Ne7 7.Be3 Nf5 8.Bf2 c5 9.Nf3 cxd4
10.Nxd4 Nxd4 11.Qxd4 Bc5 12.Qd2 O-O 13.O-O-O Nd7 14.Bd3 Bb7 15.h4 f6 16.Bg3 f5
17.h5 Be7 18.Nb5 Nc5 19.Nd4 a6 20.Qe1 Qd7 21.Bh4 Nxd3+ 22.Rxd3 Bc5 23.Bf2 Rac8
24.Qd1 b5 25.g4 a5 26.gxf5 Bxd4 27.Bxd4 Rxf5 28.Qg4 Rcf8 29.Rf3 Qf7 30.Rh4 Bc6
31.Qh3 b4 32.axb4 axb4 33.b3 Rc8 34.Qh2 Be8 35.h6 g6 36.Qd2 Qb7 37.Kb2 g5
38.Rg3 Bg6 39.Rxg5 Rxg5 40.fxg5 Qa6 41.Rh2 Qa3+ 42.Kb1 Qxb3+ 43.Bb2 Rxc2
44.Qxc2 Bxc2+ 45.Rxc2 Qd3 46.Kc1 Qe3+ 47.Kd1 Qg1+ 48.Ke2 Qxg5 49.Rc8+ Kf7
50.Kd1 Qxh6 51.Kc2 Qe3  0-1

[Event "XXIII Belgrade Trophy"]
[Site "Obrenovac SRB"]
[Date "2010.11.28"]
[Round "5.56"]
[White "Zivanovic,B"]
[Black "Paulic,B"]
[Result "1/2-1/2"]
[WhiteElo "1941"]
[BlackElo "2131"]

1.e4 e6 2.d4 d5 3.Nc3 Bb4 4.e5 Ne7 5.a3 Bxc3+ 6.bxc3 b6 7.Nf3 Ba6 8.Bxa6 Nxa6
9.Qd3 Nb8 10.O-O Nbc6 11.Bg5 Qd7 12.Nd2 O-O 13.f4 f6 14.exf6 gxf6 15.Bh6 Rf7
16.Rae1 Kh8 17.Qh3 Nf5 18.g4 Rg8 19.g5 Nxh6 20.Qxh6 Rg6 21.Qh5 fxg5 22.fxg5 Rxf1+
23.Rxf1 Qe7 24.h4 e5 25.Qf3 exd4 26.Qxd5 Qe6 27.Qf3 Qe3+ 28.Qxe3 dxe3 29.Nf3 Re6
30.Rd1 Re4 31.Kg2 Kg7 32.h5 e2 33.Rd7+ Re7 34.Rxe7+ Nxe7 35.Kf2 Nd5 36.Kxe2 Nf4+
37.Ke3 Nxh5 38.Ne5 Kf8 39.Ke4 Ke7 40.Kd5 Nf4+ 41.Ke4 Ne6 42.Kf5 Ng7+ 43.Ke4 Ke6
44.Nc6 a5 45.Nd4+ Kd6 46.Nb5+ Kd7 47.Ke5 Ne8 48.Nd4 Nd6 49.Ne6 Ke7 50.Nxc7 Nc4+
51.Kd4 Nxa3 52.Nd5+ Kd6 53.Nxb6 Nxc2+ 54.Kd3 Na3 55.Kd4 Nb5+ 56.Kc4 Nc7 57.Kb3 Ne6
58.Nc4+ Kd5 59.Nxa5 Nxg5 60.Kc2 Ke4 61.Kd2 Kf3 62.Nc4 Ne4+ 63.Kd3 Nf2+ 64.Kd2 Ng4
65.Ke1 h5 66.Kf1 h4 67.Nd2+ Kg3 68.Ne4+ Kf4 69.Nf2 Ne3+ 70.Kg1 Kf3 71.Nh3 Nc4
72.Kh2 Ne3 73.c4 Nxc4 74.Ng5+ Kf4 75.Nf3  1/2-1/2

[Event "60th ch-GRE"]
[Site "Vrahati GRE"]
[Date "2010.11.28"]
[Round "3.3"]
[White "Mastrovasilis,D"]
[Black "Kanakaris,G"]
[Result "1-0"]
[WhiteElo "2580"]
[BlackElo "2285"]

1.e4 e6 2.d4 d5 3.Nc3 Bb4 4.e5 Ne7 5.Bd2 b6 6.Nce2 Bxd2+ 7.Qxd2 c5 8.h4 Ba6
9.h5 h6 10.f4 Nbc6 11.Nf3 Nf5 12.c3 Rc8 13.Rh3 Na5 14.b3 Qc7 15.Ng3 Nxg3
16.Rxg3 Bxf1 17.Kxf1 Rg8 18.f5 cxd4 19.Nxd4 Nc6 20.Nb5 Qxe5 21.Rf3 d4 22.Nxd4 Nxd4
23.cxd4 Qb5+ 24.Kg1 exf5 25.a4 Qd5 26.a5 b5 27.Re1+ Kd7 28.Re5 Qc6 29.Qb4 Rge8
30.Rc5 Qb7 31.Rfxf5 Rxc5 32.Rxf7+ Re7 33.Rxe7+ Kxe7 34.Qxc5+ Kf7 35.Qf5+ Kg8
36.Qe6+ Kf8 37.Qf5+ Kg8 38.b4 Qe7 39.Qc8+ Kh7 40.Qc2+ Kh8 41.Qd2 Qd6 42.d5 a6
43.Qd4 Kg8 44.Kf2 Qf8+ 45.Ke3 Qe8+ 46.Qe4 Qxh5 47.Qe6+ Kf8 48.Kd4 Qh4+ 49.Kc5 Qf2+
50.Kc6 h5 51.d6 Qxg2+ 52.Kb6  1-0

[Event "XXIII Belgrade Trophy"]
[Site "Obrenovac SRB"]
[Date "2010.11.29"]
[Round "6.14"]
[White "Zivkovic,Sava"]
[Black "Drasko,M"]
[Result "1/2-1/2"]
[WhiteElo "2298"]
[BlackElo "2479"]

1.e4 e6 2.d4 d5 3.Nc3 Bb4 4.e5 Ne7 5.a3 Bxc3+ 6.bxc3 c5 7.Qg4 Kf8 8.Bd3 Qa5
9.Bd2 Qa4 10.Ra2 b6 11.Nf3 Ba6 12.Qf4 h6 13.dxc5 Qxf4 14.Bxf4 bxc5 15.Be3 c4
16.Be2 Nd7 17.Rb2 Nc6 18.O-O Kg8 19.Bd4 Kh7 20.Rfb1 Nxd4 21.Nxd4 Nxe5 22.Rb4 Nd7
23.f4 Nc5 24.Bf3 Rac8 25.h4 Rhe8 26.h5 Kg8 27.Re1 Kf8 28.g4 Rc7 29.Kf2 Bc8
30.Nb5 Rd7 31.Nd4 Bb7 32.Rb5 Ne4+ 33.Bxe4 dxe4 34.Ke3 Bd5 35.Reb1 Ke7 36.Ra5 Rc8
37.Rbb5 Rcc7 38.Ra6 Rd6 39.Ra4 a6 40.Rb8 Rb7 41.Rxb7+ Bxb7 42.Rxc4 Kd7 43.Rb4 Kc7
44.c4 Rd8 45.Rb1 Rg8 46.g5 hxg5 47.fxg5 Rh8 48.Rf1 e5 49.Rxf7+ Kb8 50.Nf5 Rxh5
51.Rxg7 Rh3+ 52.Kd2 Rh2+ 53.Kc3 Rh3+ 54.Kd2 Rh2+ 55.Ke1 e3 56.Nxe3 Bf3  1/2-1/2

[Event "77th ch-BRA"]
[Site "Americana BRA"]
[Date "2010.12.02"]
[Round "4"]
[White "Matsuura,E"]
[Black "Jatoba de Oliveira Reis,P"]
[Result "1-0"]
[WhiteElo "2490"]
[BlackElo "2378"]

1.e4 e6 2.d4 d5 3.Nc3 Bb4 4.e5 Ne7 5.a3 Bxc3+ 6.bxc3 c5 7.h4 Qa5 8.Bd2 cxd4
9.cxd4 Qa4 10.h5 b6 11.h6 gxh6 12.c3 Qxd1+ 13.Kxd1 Ba6 14.Bxa6 Nxa6 15.Bxh6 Rc8
16.Ne2 Rg8 17.g3 Kd7 18.Bd2 Rg7 19.Nf4 Ng8 20.Ke2 Nc7 21.Nh5 Rg6 22.f4 f5
23.exf6 Rf8 24.f5 exf5 25.Nf4 Rgxf6 26.Rxh7+ R6f7 27.Rxf7+ Rxf7 28.Ng6 Rg7
29.Ne5+ Ke6 30.Bf4 Nb5 31.Kd3 Nf6 32.Rh1 Rc7 33.Rh6 Rxc3+ 34.Kd2 Rc8 35.Bg5 Rf8
36.Kd3 Nc7 37.Ng6 Rf7 38.Nh8 Rf8 39.Ng6 Rf7 40.Nf4+ Ke7 41.a4 Ne8 42.Nxd5+ Ke6
43.Nxf6 Nxf6 44.Kc3 a6 45.Kd3 Rf8 46.Ke3 f4+ 47.Kxf4 b5 48.axb5 axb5 49.d5+ Kxd5
50.Rxf6 Rb8 51.Rf5+ Ke6 52.Re5+  1-0

[Event "Australian Masters"]
[Site "Canterbury AUS"]
[Date "2010.12.04"]
[Round "1"]
[White "Gorka,C"]
[Black "Steadman,M"]
[Result "1-0"]
[WhiteElo "2179"]
[BlackElo "2285"]

1.d4 e6 2.Nc3 d5 3.e4 Bb4 4.e5 b6 5.a3 Bf8 6.Nf3 Ne7 7.b4 Nd7 8.Bd3 Bb7 9.Ng5 h6
10.Qh5 g6 11.Qh3 Bg7 12.Nf3 a6 13.Rb1 c6 14.Qg3 Qc7 15.Qf4 c5 16.bxc5 bxc5
17.dxc5 Nxe5 18.Nxe5 Bxe5 19.Qb4 Rb8 20.Ne2 Nc6 21.Qa4 Qa5+ 22.Qxa5 Nxa5
23.f4 Bc7 24.Nd4 Kd7 25.Bd2 Nc6 26.c3 g5 27.fxg5 hxg5 28.Bxg5 Rxh2 29.Rxh2 Bxh2
30.Rb6 Bc7 31.Nxc6 Bxc6 32.Rxb8 Bxb8 33.Bxa6 Ba7 34.Be3 e5 35.Kd2 Kc7 36.g3 Ba4
37.Be2 Kc6 38.Bh5 Bxc5 39.Bxf7 Bxe3+ 40.Kxe3 Bd1 41.Be6 Kd6 42.Bf5 Kc5 43.g4 d4+
44.cxd4+ exd4+ 45.Kd3 Kd5 46.g5 Ke5 47.Bd7 Bh5 48.a4 Bg6+ 49.Kd2 Kd6 50.Bb5 Kc5
51.Bd3 Be8 52.a5 Bf7 53.a6 Kb6 54.Ke1  1-0

[Event "TCh-CZE 2010-11"]
[Site "Czech Rep CZE"]
[Date "2010.12.04"]
[Round "3.7"]
[White "Berezjuk,S"]
[Black "Haba,P"]
[Result "1/2-1/2"]
[WhiteElo "2379"]
[BlackElo "2529"]

1.e4 e6 2.d4 d5 3.Nc3 Bb4 4.e5 Qd7 5.a3 Bxc3+ 6.bxc3 b6 7.Qg4 f5 8.Qg3 Ba6
9.Bxa6 Nxa6 10.Ne2 Kf7 11.h4 h6 12.h5 Ne7 13.a4 c5 14.O-O Rac8 15.Qd3 Nb8
16.a5 Qc6 17.axb6 axb6 18.dxc5 bxc5 19.Nf4 Rhd8 20.Re1 Nd7 21.Qg3  1/2-1/2

[Event "Moscow Teams"]
[Site "Moscow RUS"]
[Date "2010.12.11"]
[Round "3"]
[White "Kovtunenko,A"]
[Black "Mesropov,K"]
[Result "0-1"]
[WhiteElo "2170"]
[BlackElo "2423"]

1.e4 e6 2.d4 d5 3.Nc3 Bb4 4.e5 Ne7 5.a3 Bxc3+ 6.bxc3 c5 7.Qg4 Nf5 8.Bd3 h5
9.Qf4 cxd4 10.Bxf5 exf5 11.Ne2 Nc6 12.O-O dxc3 13.Nxc3 d4 14.Nb5 O-O 15.Rd1 Re8
16.Nxd4 Nxe5 17.Bb2 Ng6 18.Qf3 Qg5 19.Nb5 Re4 20.Qc3 Nf4 21.Rd8+ Kh7 22.Qxg7+ Qxg7
23.Bxg7 Ne6 24.Rxc8 Rxc8 25.Nd6 Rxc2 26.Nxe4 fxe4 27.Be5 Kg6 28.Bb8 a6 29.h3 Nc5
30.Ba7 Nd3 31.Be3 f5 32.g3 b5 33.Rb1 Ra2 34.Rb3 h4 35.Rc3 Ra1+ 36.Kh2 Ne1
37.Rc6+ Kf7 38.gxh4 f4 39.Rf6+ Kg8 40.Rg6+ Kf7 41.Rf6+ Ke7 42.Bc5+ Kxf6 43.Bd4+ Kf5
44.Bxa1 Nc2 45.Bb2 e3 46.fxe3 fxe3  0-1

[Event "European Rapid Championship"]
[Site "Warsaw POL"]
[Date "2010.12.19"]
[Round "9"]
[White "Mikrut,D"]
[Black "Stupak,K"]
[Result "1/2-1/2"]
[WhiteElo "2372"]
[BlackElo "2530"]

1.e4 e6 2.d4 d5 3.Nc3 Bb4 4.e5 Qd7 5.Bd2 b6 6.Nce2 Bxd2+ 7.Qxd2 Ba6 8.f4 c5
9.Nf3 Ne7 10.Ng3 Bxf1 11.Nxf1 cxd4 12.Nxd4 Nbc6 13.Nxc6 Nxc6 14.Ne3 O-O 15.O-O f6
16.exf6 gxf6 17.f5 Rad8 18.fxe6 Qxe6 19.Nf5 Kh8 20.Rae1 Ne5 21.Qh6 Rf7 22.Nd4 Qg4
23.Rf4 Qg6 24.Qxg6 Nxg6 25.Rf2 Nf8 26.c3 a6 27.g3 h6 28.Ref1 Nd7 29.Re2 Nc5
30.Nf5 Kh7 31.Rf4 Ne4 32.Kg2 h5 33.Nd4 Kg6 34.Nf3 b5 35.Nh4+ Kh6 36.a3 a5
37.Nf5+ Kh7 38.Nd4 Rb7 39.Rf1 Rb6 40.Rd1 Kg6 41.Nb3 b4 42.axb4 axb4 43.c4 f5
44.c5 Ra6 45.Rd4 Ra4 46.Rc2 Kf6 47.Rd1 h4 48.gxh4 Rg8+ 49.Kf3 Ke5 50.c6 Ra7
51.Nc5 Kd6 52.Nd3 b3 53.Rcc1 Rc8 54.Nf4 Ra5 55.h5 Rxc6 56.Rxc6+ Kxc6 57.h6 Ra2
58.h7 Ng5+ 59.Ke3 Nxh7 60.Nd3 Ra4 61.Rf1 Re4+ 62.Kd2 Rh4 63.Rxf5 d4 64.Ne5+ Kd6
65.Nf3 Rh3 66.Nxd4 Rxh2+ 67.Kc3 Rh3+ 68.Kc4 Ke7 69.Nxb3 Nf6 70.Nd4 Ne8 71.Re5+ Kd7
72.b4 Rh1 73.Rg5 Rc1+ 74.Kd3 Rd1+ 75.Kc4 Rc1+ 76.Kd3  1/2-1/2

[Event "European Rapid Championship"]
[Site "Warsaw POL"]
[Date "2010.12.19"]
[Round "9"]
[White "Zhigalko,A"]
[Black "Levin,Ev"]
[Result "1-0"]
[WhiteElo "2570"]
[BlackElo "2483"]

1.e4 e6 2.d4 d5 3.Nc3 Bb4 4.e5 Ne7 5.a3 Bxc3+ 6.bxc3 c5 7.h4 Nbc6 8.h5 h6
9.a4 Qa5 10.Bd2 Bd7 11.Nf3 c4 12.g3 O-O-O 13.Bh3 Rdf8 14.O-O f6 15.Qe1 g5
16.exf6 Rxf6 17.Ne5 Nxe5 18.Qxe5 Rhf8 19.f4 Nc6 20.Qe1 gxf4 21.Bxf4 Rg8 22.Qe3 Rh8
23.Bd6 Rxf1+ 24.Rxf1 Re8 25.Rf8 Rxf8 26.Bxf8 Qxa4 27.Qd2 Qb5 28.Bxh6 e5 29.Bxd7+ Kxd7
30.Bg7 exd4 31.h6 dxc3 32.Qd1 Qc5+ 33.Kg2 Qe3 34.Qg4+ Kd8 35.h7  1-0

[Event "Rilton Cup 2010-11"]
[Site "Stockholm SWE"]
[Date "2010.12.28"]
[Round "2"]
[White "Luukkonen,T"]
[Black "Berczes,D"]
[Result "1/2-1/2"]
[WhiteElo "2309"]
[BlackElo "2526"]

1.e4 e6 2.d4 d5 3.Nc3 Bb4 4.e5 Ne7 5.a3 Bxc3+ 6.bxc3 b6 7.h4 Ba6 8.Bxa6 Nxa6
9.h5 h6 10.Qg4 Rg8 11.a4 c5 12.Qe2 Nb8 13.Ba3 Nbc6 14.Nf3 cxd4 15.cxd4 Nf5
16.Qd3 Qc7 17.Kf1 Na5 18.g4 Ne7 19.Kg2 Rc8 20.Qb5+ Qd7 21.Bb4 Nc4 22.Bxe7 Kxe7
23.Qb4+ Ke8 24.g5 hxg5 25.Nxg5 Na5 26.Ra3 f6 27.Nh3 Rc4 28.Qd2 Nc6 29.Rd3 Qf7
30.Qd1 fxe5 31.Rf3 Rxd4 32.Rxf7 Rxd1 33.Rc7 Rxh1 34.Kxh1 Nd8 35.Rxa7 Rh8
36.f4 Rxh5 37.Kg2 exf4 38.Nxf4 Rf5 39.Kg3 g5 40.Nh5 Rf7 41.Ra6 Rb7 42.Kg4 Ke7
43.Kxg5 Nf7+ 44.Kf4 Nd6 45.Ke5 Nc4+ 46.Kd4 Kd6 47.Ra8 Rh7 48.Nf6 Rh3 49.Ne8+ Kc6
50.Rc8+ Kd7 51.Rb8 Rf3 52.Ng7 Kd6 53.Rd8+ Ke7 54.Rb8 Ra3 55.Rb7+ Kf6 56.Ne8+ Kg6
57.Rg7+ Kh6 58.Ra7 Kg6 59.Nc7 Kf6  1/2-1/2

[Event "Rilton Cup 2010-11"]
[Site "Stockholm SWE"]
[Date "2010.12.28"]
[Round "2"]
[White "Winge,S"]
[Black "Eriksson,Jor"]
[Result "0-1"]
[WhiteElo "2290"]
[BlackElo "2202"]

1.e4 e6 2.d4 d5 3.Nc3 Bb4 4.e5 Ne7 5.a3 Bxc3+ 6.bxc3 b6 7.a4 Ba6 8.Bb5+ c6
9.Bd3 Bxd3 10.cxd3 Nd7 11.f4 c5 12.Ne2 O-O 13.O-O f6 14.exf6 Nxf6 15.dxc5 bxc5
16.Ng3 Re8 17.Re1 Ng6 18.Rb1 Qc7 19.Rf1 Rab8 20.Rxb8 Rxb8 21.Nh5 Rf8 22.Nxf6+ Rxf6
23.g3 e5 24.f5 Ne7 25.g4 h6 26.Qe2 Nc6 27.Qg2 Qd7 28.h4 Ne7 29.Ba3 h5 30.Bxc5 hxg4
31.Bxe7 Qxe7 32.Qxd5+ Rf7 33.h5 Kh8 34.Kg2 Rf8 35.Kg3 Qg5 36.Qe4 Rd8 37.h6 gxh6
38.Qxe5+ Kh7 39.d4 h5 40.Re1 h4+ 41.Kh2 Rf8 42.Qe7+ Qxe7 43.Rxe7+ Kh6 44.Re4 Kg5
45.d5 Rxf5 46.Rd4 Rf2+ 47.Kg1 g3 48.d6 h3 49.Rd1 h2+ 50.Kh1 Kg4 51.d7 Kh3
52.d8=Q g2+  0-1

[Event "23rd Staufer-Open"]
[Site "Leinzell GER"]
[Date "2011.01.04"]
[Round "5"]
[White "Scheeff,V"]
[Black "Jurek,J"]
[Result "1/2-1/2"]
[WhiteElo "2139"]
[BlackElo "2354"]

1.e4 e6 2.d4 d5 3.Nc3 Bb4 4.e5 b6 5.a3 Bf8 6.Nf3 Ne7 7.h4 h5 8.Ne2 Ba6 9.g3 c5
10.c3 Nbc6 11.Bh3 Qd7 12.Ng5 Bxe2 13.Kxe2 cxd4 14.cxd4 Nf5 15.Bxf5 exf5 16.Re1 Nd8
17.Qd3 Be7 18.Kf1 Ne6 19.Qxf5 Bxg5 20.Bxg5 Qb5+ 21.Kg2 Nxd4 22.Qb1 O-O 23.Qd1 Nb3
24.a4 Qb4 25.Ra3 Nd4 26.Be7 Qxe7 27.Qxd4 Qe6 28.Rc3 Rfe8 29.Rc7 Rac8 30.Rec1 Rxc7
31.Rxc7 Qxe5 32.Qxe5 Rxe5 33.Rxa7 Re4 34.a5 bxa5 35.Ra8+ Kh7 36.Rxa5 Rd4  1/2-1/2

[Event "Rilton Cup 2010-11"]
[Site "Stockholm SWE"]
[Date "2011.01.04"]
[Round "8"]
[White "Sipila,V"]
[Black "Ivanov,Sergey1"]
[Result "0-1"]
[WhiteElo "2262"]
[BlackElo "2536"]

1.e4 e6 2.d4 d5 3.Nc3 Bb4 4.e5 Ne7 5.Qg4 c5 6.a3 Qa5 7.Bd2 cxd4 8.Nb1 Bxd2+
9.Nxd2 O-O 10.Bd3 Nbc6 11.Nf3 Ng6 12.O-O-O Qc7 13.Qh5 h6 14.Bxg6 fxg6 15.Qxg6 Nxe5
16.Nxe5 Qxe5 17.Nf3 Qf4+ 18.Kb1 e5 19.Qd6 Bg4 20.Qxd5+ Kh7 21.Rd3 Bf5 22.Rd2 Rfe8
23.Re1 Rad8 24.Qb3 d3 25.cxd3 e4 26.Rde2 Rxd3 27.Qb4 Rxf3 28.Qa4 e3+ 29.Qe4 Bxe4+
30.Kc1 exf2+ 31.Re3 Rxe3 32.Kd1 Rxe1+  0-1

[Event "118th ch-NZL 2011"]
[Site "Auckland NZL"]
[Date "2011.01.06"]
[Round "5.4"]
[White "Smith,Ro"]
[Black "Pinic,Noel"]
[Result "1/2-1/2"]
[WhiteElo "2287"]
[BlackElo "2058"]

1.e4 e6 2.d4 d5 3.Nc3 Bb4 4.e5 Qd7 5.Bd2 Nc6 6.Nf3 b6 7.a3 Bxc3 8.Bxc3 Bb7
9.Bd3 f5 10.exf6 gxf6 11.Qe2 O-O-O 12.O-O-O Nh6 13.Nh4 Kb8 14.f4 Nf7 15.Rhe1 Rde8
16.Qh5 a6 17.Re3 Nd6 18.Rde1 f5 19.g4 fxg4 20.Qxg4 Rhg8 21.Qe2 Qf7 22.Rf1 Qf6
23.Nf3 Qxf4 24.Ne5 Qh6 25.Nxc6+ Bxc6 26.Kb1 Nb5 27.Re1 Bd7 28.Bxb5 axb5 29.Re5 Rg5
30.Rxg5 Qxg5 31.Bd2 Qh4 32.Qe5 Rf8 33.Rg1 Qf2 34.Be3 Qe2 35.Bf4 Qxe5 36.Bxe5 Rf7
37.b3 Kb7 38.Rg8 c5 39.Rg7 Rxg7 40.Bxg7 cxd4 41.Bxd4 Kc6 42.Be5 Kc5 43.c3 Be8
44.Kb2 Bg6 45.Kc1 Bh5 46.Kd2 Kc6 47.b4 Kd7  1/2-1/2

[Event "TCh-NED Meesterklasse 2010-11"]
[Site "Netherlands NED"]
[Date "2011.01.08"]
[Round "5.3"]
[White "Cuijpers,F"]
[Black "Miedema,R"]
[Result "1-0"]
[WhiteElo "2465"]
[BlackElo "2392"]

1.e4 e6 2.d4 d5 3.Nc3 Bb4 4.e5 Ne7 5.Bd2 b6 6.Nf3 Bxc3 7.Bxc3 Ba6 8.Bxa6 Nxa6
9.O-O c5 10.Qe2 Qc8 11.Bd2 O-O 12.Bg5 Re8 13.Rad1 Nf5 14.dxc5 h6 15.g4 hxg5
16.gxf5 g4 17.f6 gxf3 18.Qxf3 Qxc5 19.Qg4 g6 20.Rd3 Qc4 21.Qg5  1-0